Games trainers play : experimental learning exercises

Main Author: Newstrom,John W.
Other Authors: Scannell,
Published: New York: McGraw-Hill, 1980.
Subjects:
LEADER 00709cam a2200217 7i4500
001 0000002410
005 20140703090000.0
010 # # |a 80010870 
020 0 0 |a 0070464081  
090 0 0 |a HM 13   |b N4 
100 1 0 |a Newstrom,John W.  
245 1 0 |a Games trainers play :   |b experimental learning exercises   |c John W. Newstrom and Edward E. Scannell. 
260 0 0 |a New York:   |b McGraw-Hill,   |c 1980. 
300 # # |a 303p.;   |c 28cm. 
590 # # |a Pusat Pengajian Pembangunan Sosial dan Ekonomi 
650 0 0 |a Group relations training  
650 0 0 |a Games  
650 0 0 |a Small groups  
700 1 1 |a Scannell,   |h Edward E.  
999 |a 1000387139  |b Book  |c Open Shelf  |e KOLEKSI TERBUKA 
999 |a 1000403094  |b Book  |c Open Shelf  |e KOLEKSI TERBUKA